Countries Of The British Empire In 1921 - Sudden Death - Statistics

General Stats
  • This quiz has been taken 35 times
    13 since last reset
  • The average score is 7 of 16
Answers on the Grid
Answers color-coded by a green-red scale on the quiz's grid according to % correct below.
Samoa
Australia
India
Fiji
Myanmar
Iraq
Israel
Kuwait
Gambia
Seychelles
Bhutan
South Africa
Nauru
Barbados
Canada
Guyana
United States
Senegal
Marshall Islands
Iceland
Niger
Japan
San Marino
Afghanistan
Germany
Belarus
Rwanda
Burundi
Portugal
Thailand
Cuba
Vatican City
 
Answer Stats
Answer % Correct
Iraq
71%
Barbados
57%
Canada
57%
Fiji
57%
Nauru
57%
Samoa
57%
Australia
43%
Gambia
43%
Guyana
43%
India
43%
Myanmar
43%
Seychelles
43%
Bhutan
14%
Israel
14%
Kuwait
14%
South Africa
14%
No matching quizzes found
Score Distribution
Percent of People with Each Score
Percentile by Number Answered
Your Score History
You have not taken this quiz since the last reset